[Event "XLI C.to Italiano a squadre Master"]
[Site "Senigallia ITA"]
[Date "2009.05.01"]
[Round "4"]
[White "Ronchetti, Niccolo'"]
[Black "Delorme, Axel"]
[Result "1/2-1/2"]
[WhiteElo "2420"]
[BlackElo "2394"]
[PlyCount "38"]
[EventDate "2009.04.30"]

1. e4 e6 2. d4 d5 3. exd5 exd5 4. c4 Bb4+ 5. Nc3 Ne7 6. Nf3 O-O 7. Bd3 Bf5 8.
O-O Bxd3 9. Qxd3 dxc4 10. Qxc4 Bd6 11. Qb3 b6 12. Bg5 h6 13. Bh4 Qd7 14. Rfe1
Nf5 15. Qd5 Nxh4 16. Nxh4 Nc6 17. Nf5 Rad8 18. Qe4 Rfe8 19. Qf3 Ne7 1/2-1/2

[Event "XLI C.to Italiano a squadre Master"]
[Site "Senigallia ITA"]
[Date "2009.05.01"]
[Round "4"]
[White "Sarno, Spartaco"]
[Black "D'Amore, Carlo"]
[Result "1/2-1/2"]
[WhiteElo "2332"]
[BlackElo "2483"]
[PlyCount "81"]
[EventDate "2009.04.30"]

1. d4 d5 2. Nf3 Nf6 3. c4 c6 4. e3 a6 5. Qc2 Bg4 6. Nbd2 e6 7. Bd3 Nbd7 8. O-O
Bd6 9. b3 Bh5 10. Bb2 Qb8 11. Rfe1 O-O 12. e4 Bxf3 13. Nxf3 dxc4 14. bxc4 e5
15. c5 Bc7 16. d5 Ba5 17. Red1 Bb4 18. dxc6 bxc6 19. Rab1 Qc7 20. Nxe5 Nxe5 21.
Bxe5 Qxe5 22. Rxb4 a5 23. Rbb1 a4 24. g3 g5 25. Rb6 Rfc8 26. Rb7 Re8 27. Bc4
Re7 28. Rxe7 Qxe7 29. Rd6 Nxe4 30. Rxc6 Rd8 31. Bd3 Nf6 32. Qe2 Qxe2 33. Bxe2
Rd2 34. Bc4 Ng4 35. Rc8+ Kg7 36. c6 Rc2 37. Bd3 Rxa2 38. Ra8 Ra1+ 39. Kg2 Rc1
40. Rxa4 Ne5 41. Be4 1/2-1/2

[Event "XLI C.to Italiano a squadre Master"]
[Site "Senigallia ITA"]
[Date "2009.05.01"]
[Round "4"]
[White "Tassi, Oliviero"]
[Black "Godena, Michele"]
[Result "0-1"]
[WhiteElo "2300"]
[BlackElo "2538"]
[PlyCount "70"]
[EventDate "2009.04.30"]

1. c4 e6 2. Nf3 d5 3. b3 d4 4. g3 Nc6 5. Bg2 e5 6. d3 Bb4+ 7. Nfd2 a5 8. a3 Be7
9. Nf3 Nf6 10. Nbd2 O-O 11. O-O Nd7 12. Rb1 Nc5 13. Ne4 Na6 14. Ne1 f5 15. Nd2
Nc5 16. f4 Ne6 17. Bd5 Bd6 18. Ng2 exf4 19. Nxf4 Bxf4 20. Rxf4 Ne7 21. Rxd4 Rf7
22. Rh4 Nxd5 23. cxd5 Qxd5 24. Nf3 b6 25. Qc2 Bb7 26. Qc4 Qxc4 27. Rxc4 Bxf3
28. exf3 Rd8 29. Rc3 Rfd7 30. Be3 Rxd3 31. Rbc1 Rxc3 32. Rxc3 Rd1+ 33. Kf2 Ra1
34. Bc1 Ra2+ 35. Kg1 c5 0-1

[Event "XLI C.to Italiano a squadre Master"]
[Site "Senigallia ITA"]
[Date "2009.05.01"]
[Round "4"]
[White "Tomba, Ivan"]
[Black "Rombaldoni, Andrea"]
[Result "0-1"]
[WhiteElo "2301"]
[BlackElo "2253"]
[PlyCount "78"]
[EventDate "2009.04.30"]

1. e4 e5 2. Nf3 Nc6 3. d4 exd4 4. Nxd4 Bc5 5. Nxc6 Qf6 6. Qd2 dxc6 7. Nc3 Bd4
8. Bd3 Be6 9. O-O O-O-O 10. Ne2 Bb6 11. a4 a6 12. a5 Ba7 13. Nf4 Bc4 14. Qe2
Bxd3 15. Nxd3 Qe6 16. Re1 Nf6 17. Be3 Kb8 18. Bxa7+ Kxa7 19. Qe3+ Ka8 20. Ra4
Nd7 21. Rb4 Qe7 22. e5 Rhe8 23. Re4 Nf8 24. f4 Rd5 25. b4 g6 26. c4 Rdd8 27.
Rb1 Ne6 28. Kh1 Rd7 29. h3 Red8 30. Nf2 Nd4 31. Qc3 Nf5 32. Kh2 Rd2 33. Rb2
Rxb2 34. Qxb2 h5 35. Re2 Qh4 36. Qc1 Qg3+ 37. Kg1 Rd4 38. Ne4 Qd3 39. Qc2 Qxc2
0-1

[Event "XLI C.to Italiano a squadre Master"]
[Site "Senigallia ITA"]
[Date "2009.05.01"]
[Round "4"]
[White "Valsecchi, Alessio"]
[Black "Xia, Jie"]
[Result "1-0"]
[WhiteElo "2363"]
[BlackElo "2224"]
[PlyCount "85"]
[EventDate "2009.04.30"]

1. e4 c5 2. Nf3 Nc6 3. d4 cxd4 4. Nxd4 Nf6 5. Nc3 e6 6. Be2 Bb4 7. Nxc6 bxc6 8.
O-O d5 9. e5 Nd7 10. Qd4 Bc5 11. Qg4 Nxe5 12. Qxg7 Ng6 13. Bd3 Bf8 14. Qd4 Qb6
15. Qxb6 axb6 16. Be3 Bc5 17. Bxc5 bxc5 18. b3 Ke7 19. Rfe1 Kd6 20. Rad1 f5 21.
Na4 Rb8 22. Nb2 e5 23. f3 Re8 24. g3 Bd7 25. Rd2 Kc7 26. Na4 e4 27. Bf1 Ne5 28.
Be2 exf3 29. Bd1 Kd6 30. Rf1 h5 31. Nb2 h4 32. Nc4+ Nxc4 33. bxc4 hxg3 34. hxg3
Rg8 35. Bxf3 f4 36. cxd5 Rxg3+ 37. Kf2 cxd5 38. Rxd5+ Kc7 39. Rxc5+ Kd6 40. Rc4
Bb5 41. Rd1+ Ke5 42. Re4+ Kf5 43. Rd5+ 1-0

[Event "XLI C.to Italiano a squadre Master"]
[Site "Senigallia ITA"]
[Date "2009.05.01"]
[Round "4"]
[White "Zimina, Olga"]
[Black "Salvador, Roland"]
[Result "0-1"]
[WhiteElo "2330"]
[BlackElo "2445"]
[PlyCount "84"]
[EventDate "2009.04.30"]

1. e4 c5 2. Nf3 Nc6 3. c3 Nf6 4. e5 Nd5 5. d4 cxd4 6. cxd4 d6 7. Bc4 Nb6 8. Bb5
dxe5 9. Nxe5 Bd7 10. Nxd7 Qxd7 11. Nc3 e6 12. O-O a6 13. Bxc6 Qxc6 14. Qg4 Rd8
15. Bg5 h5 16. Qe2 Rxd4 17. Rfd1 Rxd1+ 18. Rxd1 Be7 19. Bxe7 Kxe7 20. Qe3 f6
21. Qd3 Kf7 22. h3 h4 23. Qd4 Rh5 24. Qf4 Nc4 25. Rd8 Rg5 26. Ne4 Re5 27. Rd4
Nxb2 28. Qxh4 Rd5 29. Rb4 b5 30. Nxf6 gxf6 31. Qh7+ Ke8 32. Qh8+ Kd7 33. Rh4
Qd6 34. Rh7+ Kc6 35. g3 Nc4 36. Qa8+ Kc5 37. Qc8+ Qc6 38. Qf8+ Nd6 39. Kh2 Rf5
40. Kg1 Rd5 41. Kh2 Rd1 42. g4 Qf3 0-1

[Event "XLI C.to Italiano a squadre Master"]
[Site "Senigallia ITA"]
[Date "2009.05.02"]
[Round "5"]
[White "Borgo, Giulio"]
[Black "Sarno, Spartaco"]
[Result "1/2-1/2"]
[WhiteElo "2440"]
[BlackElo "2332"]
[PlyCount "20"]
[EventDate "2009.04.30"]

1. c4 e5 2. Nc3 d6 3. Nf3 f5 4. d4 e4 5. Bg5 Be7 6. Bxe7 Qxe7 7. Nd5 Qd8 8. Nd2
c6 9. Nf4 e3 10. fxe3 Nf6 1/2-1/2

[Event "XLI C.to Italiano a squadre Master"]
[Site "Senigallia ITA"]
[Date "2009.05.02"]
[Round "5"]
[White "Brunello, Sabino"]
[Black "Amato, Andrea"]
[Result "1-0"]
[WhiteElo "2477"]
[BlackElo "2261"]
[PlyCount "51"]
[EventDate "2009.04.30"]

1. d4 d5 2. c4 dxc4 3. e4 e5 4. Nf3 exd4 5. Bxc4 Nc6 6. O-O Be6 7. Bb5 Bc5 8.
b4 Bb6 9. a4 a6 10. Bxc6+ bxc6 11. Bb2 Qd6 12. a5 Ba7 13. Qd2 Rd8 14. Qg5 Kf8
15. Rd1 f6 16. Qc1 Bg4 17. Nbd2 Ne7 18. Qc4 c5 19. bxc5 Qxc5 20. Qxa6 d3 21.
Ba3 Qxf2+ 22. Kh1 Bc8 23. Qc4 Rd7 24. Rf1 Qe3 25. Ne5 Ke8 26. Qf7+ 1-0

[Event "XLI C.to Italiano a squadre Master"]
[Site "Senigallia ITA"]
[Date "2009.05.02"]
[Round "5"]
[White "Caprio, Guido"]
[Black "Ganci, Fabrizio"]
[Result "1-0"]
[WhiteElo "2205"]
[BlackElo "2181"]
[PlyCount "95"]
[EventDate "2009.04.30"]

1. e4 e6 2. d4 d5 3. Nc3 Nf6 4. Bg5 Bb4 5. e5 h6 6. Be3 Ne4 7. Qg4 g6 8. a3
Bxc3+ 9. bxc3 Nxc3 10. Bd3 Nc6 11. h4 Ne7 12. h5 g5 13. f4 Nf5 14. Bc1 Ne4 15.
fxg5 c5 16. Ne2 Nxg5 17. dxc5 Qa5+ 18. Qb4 Qc7 19. g4 Ne7 20. Qf4 Qxe5 21. Qxe5
Nf3+ 22. Kd1 Nxe5 23. Bb2 Nxd3 24. Bxh8 Nf2+ 25. Kd2 Nxh1 26. Rxh1 Bd7 27. g5
O-O-O 28. Bf6 Re8 29. gxh6 Ng8 30. Bg7 Nxh6 31. Bxh6 e5 32. Bg7 Bf5 33. Ng3 Bh7
34. Rf1 Re7 35. Rf6 e4 36. Ne2 e3+ 37. Kc3 Re4 38. Rf4 f5 39. Rxe4 dxe4 40. Bh6
Kd7 41. Bxe3 Ke6 42. Kd4 Bg8 43. Nf4+ Kf6 44. Nd5+ Ke6 45. Nc7+ Kd7 46. Nb5 a6
47. Nd6 b6 48. Nxf5 1-0

[Event "XLI C.to Italiano a squadre Master"]
[Site "Senigallia ITA"]
[Date "2009.05.02"]
[Round "5"]
[White "Collutiis, Duilio"]
[Black "Ortega, Lexy"]
[Result "1/2-1/2"]
[WhiteElo "2451"]
[BlackElo "2442"]
[PlyCount "33"]
[EventDate "2009.04.30"]

1. e4 e5 2. Nc3 Nf6 3. Nf3 Nc6 4. g3 d5 5. exd5 Nxd5 6. Bg2 Nxc3 7. bxc3 Bc5 8.
O-O O-O 9. d3 Bg4 10. h3 Bh5 11. Qe1 Re8 12. Qe4 Qd7 13. Nh4 Bb6 14. g4 Bg6 15.
Nxg6 hxg6 16. Kh1 Re6 17. Rb1 1/2-1/2

[Event "XLI C.to Italiano a squadre Master"]
[Site "Senigallia ITA"]
[Date "2009.05.02"]
[Round "5"]
[White "Costantini, Roberto"]
[Black "Iotti, Pierluigi"]
[Result "1-0"]
[WhiteElo "2304"]
[BlackElo "2300"]
[PlyCount "55"]
[EventDate "2009.04.30"]

1. e4 e6 2. d4 d5 3. Nc3 Bb4 4. e5 b6 5. Qg4 Bf8 6. Bb5+ c6 7. Ba4 a5 8. a3 Ba6
9. Nce2 Ne7 10. Ng3 h6 11. h4 Bc4 12. c3 Bd3 13. Nh5 b5 14. Bb3 a4 15. Ba2 Rh7
16. Nh3 Nd7 17. Qd1 Bg6 18. N5f4 Rh8 19. Nxg6 Nxg6 20. h5 Ne7 21. Bb1 c5 22.
O-O Nc6 23. f4 Qb6 24. Be3 O-O-O 25. b3 axb3 26. Qxb3 cxd4 27. cxd4 Nxd4 28.
Qc3+ 1-0

[Event "XLI C.to Italiano a squadre Master"]
[Site "Senigallia ITA"]
[Date "2009.05.02"]
[Round "5"]
[White "D'Amore, Carlo"]
[Black "Rombaldoni, Axel"]
[Result "1-0"]
[WhiteElo "2483"]
[BlackElo "2363"]
[PlyCount "81"]
[EventDate "2009.04.30"]

1. e4 c5 2. Nf3 Nc6 3. Bb5 Nf6 4. Nc3 g6 5. h3 Bg7 6. d3 O-O 7. e5 Ne8 8. Bxc6
dxc6 9. Be3 b6 10. Qd2 Be6 11. Bh6 Bd5 12. O-O-O Bxf3 13. gxf3 Bxh6 14. Qxh6
Ng7 15. h4 f6 16. Rde1 a5 17. Rhg1 a4 18. Ne4 Kh8 19. h5 g5 20. Rxg5 Ne6 21.
Rg6 a3 22. b3 Qd4 23. exf6 Rf7 24. Rg7 Nxg7 25. Ng5 Nf5 26. Nxf7+ Kg8 27. Qg5+
Kxf7 28. Qxf5 Qxf6 29. Qxh7+ Kf8 30. Re4 Rd8 31. Rg4 Ke8 32. Qg6+ Qxg6 33. Rxg6
Rd5 34. Rxc6 Rxh5 35. Rxb6 Rh1+ 36. Kd2 Ra1 37. Rc6 Rxa2 38. Rxc5 Kd7 39. Kc3
Kd6 40. Ra5 Kc6 41. Re5 1-0

[Event "XLI C.to Italiano a squadre Master"]
[Site "Senigallia ITA"]
[Date "2009.05.02"]
[Round "5"]
[White "Della Corte, Alessandro"]
[Black "Bonafede, Alessandro"]
[Result "0-1"]
[WhiteElo "2238"]
[BlackElo "2289"]
[PlyCount "113"]
[EventDate "2009.04.30"]

1. e4 c5 2. Nf3 Nc6 3. d4 cxd4 4. Nxd4 Nf6 5. Nc3 e5 6. Ndb5 d6 7. Bg5 a6 8.
Na3 b5 9. Nd5 Be7 10. Bxf6 Bxf6 11. c4 b4 12. Nc2 a5 13. g3 Bg5 14. Bg2 O-O 15.
O-O Ne7 16. Nxe7+ Qxe7 17. Qd3 Be6 18. Rad1 Qa7 19. b3 Be7 20. Ne3 Rfc8 21. Nf5
Bf8 22. Qe2 Qc5 23. Rd3 g6 24. Ne3 a4 25. Kh1 axb3 26. axb3 Ra3 27. f4 Rca8 28.
Qf3 Ra1 29. Nd1 R8a7 30. f5 Bc8 31. Rd5 Qc7 32. Ne3 Rxf1+ 33. Qxf1 Ra3 34. Rd3
Qc5 35. fxg6 hxg6 36. Nd5 Be6 37. Ne3 Ra2 38. Bh3 Qc6 39. Nd5 Bxd5 40. Rxd5 Be7
41. Qf3 Ra1+ 42. Bf1 Kg7 43. Kg2 Ra2+ 44. Kh1 Rb2 45. c5 dxc5 46. Bc4 Bf6 47.
Rd1 Qa8 48. Rf1 Qd8 49. g4 Qe7 50. Qd1 Qd8 51. g5 Bxg5 52. Rxf7+ Kh6 53. Qf1
Bf4 54. Qh3+ Kg5 55. Qf1 Kh6 56. Qh3+ Kg5 57. Rf5+ 0-1

[Event "XLI C.to Italiano a squadre Master"]
[Site "Senigallia ITA"]
[Date "2009.05.02"]
[Round "5"]
[White "Delorme, Axel"]
[Black "Garcia Palermo, Carlos Horacio"]
[Result "1/2-1/2"]
[WhiteElo "2394"]
[BlackElo "2484"]
[PlyCount "81"]
[EventDate "2009.04.30"]

1. e4 e6 2. d4 d5 3. Nc3 dxe4 4. Nxe4 Bd7 5. Nf3 Bc6 6. Bd3 Nd7 7. O-O Ngf6 8.
Ng3 Bxf3 9. Qxf3 c6 10. b3 Qa5 11. a3 Bd6 12. Bb2 O-O 13. Rad1 Qg5 14. c4 Rfd8
15. Rfe1 Nf8 16. Ne4 Nxe4 17. Rxe4 Qe7 18. b4 a5 19. c5 Bc7 20. b5 cxb5 21.
Bxb5 b6 22. cxb6 Bxb6 23. d5 Qc5 24. Bc6 Rab8 25. Be5 exd5 26. Rg4 Ng6 27. Bxb8
Qxc6 28. Bg3 h5 29. Rg5 h4 30. Be5 Qc2 31. Ba1 Bxf2+ 32. Kf1 Bc5 33. Qe2 Qb3
34. Qd3 Qa2 35. Bd4 Bxd4 36. Qxd4 h3 37. gxh3 Qxh2 38. Rxd5 Qxh3+ 39. Kf2 Qh2+
40. Kf1 Qh3+ 41. Kf2 1/2-1/2

[Event "XLI C.to Italiano a squadre Master"]
[Site "Senigallia ITA"]
[Date "2009.05.02"]
[Round "5"]
[White "Dvirnyy, Danyyil"]
[Black "Stromboli, Carlo"]
[Result "1/2-1/2"]
[WhiteElo "2459"]
[BlackElo "2283"]
[PlyCount "61"]
[EventDate "2009.04.30"]

1. e4 e5 2. Nf3 Nc6 3. Bb5 a6 4. Ba4 Nf6 5. O-O b5 6. Bb3 Bc5 7. c3 d6 8. a4
Bb7 9. d4 Bb6 10. Bg5 exd4 11. cxd4 h6 12. Bxf6 Qxf6 13. Bd5 O-O 14. Na3 Rfb8
15. Nc2 bxa4 16. Rxa4 Na5 17. Ne3 Nc6 18. Qc2 Ne7 19. Bxb7 Rxb7 20. Rfa1 Rab8
21. Rd1 a5 22. Nh4 Qg6 23. Nhf5 Qf6 24. Qd3 Re8 25. f3 Rbb8 26. Rc1 c6 27. e5
d5 28. f4 Qe6 29. Ra2 Rbc8 30. Nxd5 Kf8 31. Qc4 1/2-1/2

[Event "XLI C.to Italiano a squadre Master"]
[Site "Senigallia ITA"]
[Date "2009.05.02"]
[Round "5"]
[White "Ferro, Mario"]
[Black "Lucaroni, Massimiliano"]
[Result "1-0"]
[WhiteElo "2224"]
[BlackElo "2279"]
[PlyCount "85"]
[EventDate "2009.04.30"]

1. d4 d5 2. Nf3 c5 3. c4 e6 4. cxd5 exd5 5. Nc3 Nc6 6. g3 Nf6 7. Bg2 Be7 8. O-O
O-O 9. Bg5 cxd4 10. Nxd4 h6 11. Be3 Bg4 12. h3 Be6 13. Qa4 Qd7 14. Kh2 a6 15.
Rad1 Rfd8 16. Nxe6 Qxe6 17. Bb6 Rd7 18. e3 Bd8 19. Bxd8 Raxd8 20. Ne2 Qe5 21.
Nd4 Ne7 22. Rd2 Ne4 23. Rc2 Nf5 24. Rd1 Nxe3 25. Nf3 Qb8 26. fxe3 Qxg3+ 27. Kg1
Rd6 28. Qa5 Ng5 29. Nxg5 Qxe3+ 30. Rf2 Qxg5 31. Rd4 Rc8 32. Qd2 Rc1+ 33. Kh2
Qe5+ 34. Qf4 Qxf4+ 35. Rdxf4 Rd1 36. Rxf7 Rd8 37. Rxb7 d4 38. Rff7 d3 39. Rxg7+
Kh8 40. Rbd7 Rxd7 41. Rxd7 a5 42. a4 d2 43. b3 1-0

[Event "XLI C.to Italiano a squadre Master"]
[Site "Senigallia ITA"]
[Date "2009.05.02"]
[Round "5"]
[White "Franchini, Gabriele"]
[Black "Cocchi, Andrea"]
[Result "1/2-1/2"]
[WhiteElo "2212"]
[BlackElo "2294"]
[PlyCount "49"]
[EventDate "2009.04.30"]

1. f4 c5 2. Nf3 g6 3. e3 Bg7 4. d4 Nf6 5. Bd3 Nc6 6. c3 d6 7. O-O O-O 8. Qe2 e5
9. dxe5 dxe5 10. e4 exf4 11. Bxf4 Ng4 12. Bc4 Nge5 13. Nxe5 Nxe5 14. Bd5 Qe7
15. Nd2 Be6 16. Nc4 Nxc4 17. Qxc4 b6 18. Rad1 Rad8 19. Rd2 Bxd5 20. exd5 Rfe8
21. d6 Qe6 22. Qa4 Qd7 23. Qc4 Qe6 24. Qa4 Qd7 25. Qb3 1/2-1/2

[Event "XLI C.to Italiano a squadre Master"]
[Site "Senigallia ITA"]
[Date "2009.05.02"]
[Round "5"]
[White "Godena, Michele"]
[Black "Shytaj, Luca"]
[Result "1/2-1/2"]
[WhiteElo "2538"]
[BlackElo "2447"]
[PlyCount "37"]
[EventDate "2009.04.30"]

1. e4 c5 2. c3 Nf6 3. e5 Nd5 4. Nf3 Nc6 5. d4 cxd4 6. cxd4 d6 7. Bc4 Nb6 8. Bb5
dxe5 9. Nxe5 Bd7 10. Nxd7 Qxd7 11. Nc3 e6 12. O-O Rd8 13. a4 Be7 14. a5 Nd5 15.
a6 Ndb4 16. Qg4 O-O 17. axb7 Qxb7 18. Rd1 Kh8 19. Bxc6 1/2-1/2

[Event "XLI C.to Italiano a squadre Master"]
[Site "Senigallia ITA"]
[Date "2009.05.02"]
[Round "5"]
[White "Lagumina, Giulio"]
[Black "Arlandi, Ennio"]
[Result "0-1"]
[WhiteElo "2327"]
[BlackElo "2425"]
[PlyCount "84"]
[EventDate "2009.04.30"]

1. e4 c5 2. Nf3 e6 3. d3 Nc6 4. g3 Nge7 5. Bg2 g6 6. O-O Bg7 7. c3 O-O 8. Re1
d5 9. e5 b5 10. h4 h6 11. Bf4 Rb8 12. Nbd2 Kh7 13. Nf1 d4 14. c4 bxc4 15. dxc4
Rxb2 16. N1d2 Nb4 17. Ne4 Nxa2 18. Nxc5 Nc3 19. Qd3 Nc6 20. Kf1 Nb4 21. Qxd4
Qxd4 22. Nxd4 Rd8 23. Nc6 Nxc6 24. Bxc6 Rd4 25. Na4 Rc2 26. Nxc3 Rxc3 27. Rxa7
Rdxc4 28. Be8 Rc7 29. Rea1 Bb7 30. Kg1 g5 31. hxg5 hxg5 32. Bxg5 Bxe5 33. Rb1
Rxg3+ 34. fxg3 Bd4+ 35. Kh2 Bxa7 36. Bf4 Rc2+ 37. Kh3 Be4 38. Re1 Bf5+ 39. Kh4
f6 40. Rh1 Be4 41. Rd1 Rh2+ 42. Kg4 Bf5+ 0-1

[Event "XLI C.to Italiano a squadre Master"]
[Site "Senigallia ITA"]
[Date "2009.05.02"]
[Round "5"]
[White "Macieja, Bartlomiej"]
[Black "Rombaldoni, Denis"]
[Result "1-0"]
[WhiteElo "2601"]
[BlackElo "2442"]
[PlyCount "57"]
[EventDate "2009.04.30"]

1. e4 c5 2. Nf3 Nc6 3. Bb5 g6 4. Bxc6 bxc6 5. O-O Bg7 6. Re1 Nh6 7. h3 O-O 8.
c3 f6 9. d4 cxd4 10. cxd4 Nf7 11. Qc2 Qa5 12. Be3 Qh5 13. Nbd2 Rb8 14. b3 Ng5
15. Nxg5 fxg5 16. f3 Qh4 17. Nf1 d6 18. Qxc6 Bxh3 19. Qd5+ Rf7 20. gxh3 Qxh3
21. Nh2 g4 22. fxg4 Rc8 23. Re2 Kf8 24. e5 dxe5 25. dxe5 h5 26. Rd1 Re8 27. Qg2
hxg4 28. Qxg4 Qh8 29. Nf3 1-0

[Event "XLI C.to Italiano a squadre Master"]
[Site "Senigallia ITA"]
[Date "2009.05.02"]
[Round "5"]
[White "Malloni, Marcello"]
[Black "Napoli, Nicolo'"]
[Result "1/2-1/2"]
[WhiteElo "2278"]
[BlackElo "2353"]
[PlyCount "125"]
[EventDate "2009.04.30"]

1. e4 c6 2. d4 d5 3. Nd2 dxe4 4. Nxe4 Nd7 5. Nf3 Ngf6 6. Nxf6+ Nxf6 7. Bc4 Bf5
8. O-O e6 9. c3 Bd6 10. Re1 Qc7 11. Ne5 O-O 12. Qe2 c5 13. dxc5 Qxc5 14. Bf4
Rac8 15. Bb3 Rfd8 16. Rad1 Be4 17. Ng4 Nxg4 18. Qxg4 Bf5 19. Qf3 Bxf4 20. Qxf4
h6 21. h3 Qb6 22. Qe5 Kh7 23. Qe2 Qa5 24. Qe3 Bg6 25. Qg3 Qb5 26. Qh4 Rxd1 27.
Rxd1 Qe2 28. Qd4 Qxb2 29. Qxa7 Be4 30. Qd4 Bg6 31. Qd7 Rxc3 32. Qxb7 Rc2 33.
Qf3 Re2 34. Bc4 Re5 35. Qb3 Qxb3 36. Bxb3 Re2 37. Ra1 Bd3 38. a4 Kg6 39. a5 Ba6
40. g3 f5 41. Ba4 Kf6 42. Bc6 Rc2 43. Bg2 Ke7 44. Bf1 Rc6 45. f4 Kd6 46. Bxa6
Rxa6 47. Kf2 e5 48. fxe5+ Kxe5 49. Ke3 Kd5 50. Kf4 Ke6 51. h4 g6 52. Ra3 Kf6
53. Ke3 Ke5 54. Ra4 Kd5 55. Ra2 Ke5 56. Kd3 Kd5 57. Kc3 Kc5 58. Ra1 g5 59. h5
f4 60. gxf4 gxf4 61. Ra4 f3 62. Rf4 Rxa5 63. Rf5+ 1/2-1/2

[Event "XLI C.to Italiano a squadre Master"]
[Site "Senigallia ITA"]
[Date "2009.05.02"]
[Round "5"]
[White "Mazzilli, Piero"]
[Black "Bellini, Fabio"]
[Result "0-1"]
[WhiteElo "2326"]
[BlackElo "2486"]
[PlyCount "130"]
[EventDate "2009.04.30"]

1. d4 g6 2. e4 Bg7 3. c4 d6 4. Nf3 e5 5. Nc3 Nc6 6. dxe5 dxe5 7. Qxd8+ Kxd8 8.
Bg5+ f6 9. O-O-O+ Bd7 10. Be3 Nh6 11. h3 Kc8 12. Be2 Nf7 13. g4 Re8 14. Rd2 Be6
15. c5 Nb8 16. Bd1 c6 17. Bb3 Bxb3 18. axb3 Na6 19. Rhd1 Re7 20. Na4 Kc7 21.
Kc2 Rd8 22. Rxd8 Nxd8 23. Kc3 Ne6 24. Kc4 Rd7 25. Rd2 Rf7 26. b4 f5 27. gxf5
gxf5 28. Ng5 Nxg5 29. Bxg5 Bf6 30. Bxf6 Rxf6 31. Nc3 fxe4 32. Re2 b5+ 33. cxb6+
axb6 34. Nxe4 b5+ 35. Kc3 Rf4 36. Re3 Kd7 37. Nc5+ Nxc5 38. bxc5 Ke6 39. b4
Rxf2 40. Rd3 Rf6 41. Kd2 e4 42. Rd8 Ke5 43. h4 Rh6 44. Rc8 Kd5 45. Kc3 Ke5 46.
Re8+ Re6 47. Rh8 Kf4 48. Kd2 h6 49. Rd8 Rf6 50. Ke2 Ke5 51. h5 Kf4 52. Rg8 Rf5
53. Rg6 Rxh5 54. Rxc6 Rh2+ 55. Kf1 Rb2 56. Rxh6 Rxb4 57. c6 Rc4 58. Rh5 b4 59.
Rb5 Rxc6 60. Rxb4 Kf3 61. Kg1 e3 62. Rb8 Rc1+ 63. Kh2 e2 64. Rf8+ Kg4 65. Rg8+
Kf5 0-1

[Event "XLI C.to Italiano a squadre Master"]
[Site "Senigallia ITA"]
[Date "2009.05.02"]
[Round "5"]
[White "Olszewski, Michal"]
[Black "Vocaturo, Daniele"]
[Result "1-0"]
[WhiteElo "2538"]
[BlackElo "2480"]
[PlyCount "57"]
[EventDate "2009.04.30"]

1. d4 Nf6 2. c4 g6 3. Nc3 Bg7 4. e4 d6 5. h3 O-O 6. Bg5 c5 7. d5 e6 8. Bd3 exd5
9. cxd5 Re8 10. Nge2 a6 11. a4 Nbd7 12. O-O Ne5 13. f4 Nxd3 14. Qxd3 Qb6 15.
Kh1 Qb4 16. Ng3 Nd7 17. e5 dxe5 18. f5 e4 19. Ncxe4 Ne5 20. Qe3 Bd7 21. Bf6 Qd4
22. Qf4 Nd3 23. Qh4 Bxf6 24. Nxf6+ Kg7 25. Ngh5+ Kh8 26. Nf4 Kg7 27. Nxd7 Nxf4
28. Rxf4 Qxd5 29. f6+ 1-0

[Event "XLI C.to Italiano a squadre Master"]
[Site "Senigallia ITA"]
[Date "2009.05.02"]
[Round "5"]
[White "Ragonesi, Marcello"]
[Black "Mogranzini, Roberto"]
[Result "1-0"]
[WhiteElo "2151"]
[BlackElo "2422"]
[PlyCount "146"]
[EventDate "2009.04.30"]

1. Nf3 Nf6 2. g3 g6 3. c4 Bg7 4. Bg2 O-O 5. O-O Nc6 6. Nc3 d6 7. d3 Nh5 8. d4
e5 9. d5 Ne7 10. e4 c5 11. a3 f5 12. exf5 Bxf5 13. Ng5 Qd7 14. Ne6 Bxe6 15.
dxe6 Qxe6 16. Bxb7 Rab8 17. Bg2 Nf6 18. Rb1 Nf5 19. Bg5 Kh8 20. Bxf6 Bxf6 21.
Nd5 Nd4 22. b4 cxb4 23. axb4 Rbc8 24. Rc1 Bg7 25. Be4 Rf7 26. Kg2 Bf8 27. Rc3
Qd7 28. h3 Kg7 29. Qd3 Ne6 30. h4 Be7 31. Ra1 Rcf8 32. Ra2 Bd8 33. Qd1 Bb6 34.
Nxb6 axb6 35. Rd3 Nd4 36. Rxd4 exd4 37. Qxd4+ Rf6 38. Qxb6 R8f7 39. Qd4 Kh6 40.
Bd5 Rf8 41. f3 Qe8 42. Qd2+ Kg7 43. Ra7+ Kh8 44. Qb2 Qe3 45. Rd7 h5 46. Rxd6
Kh7 47. Rd7+ Kh6 48. Qf2 Qd3 49. Re7 Ra6 50. Qe3+ Qxe3 51. Rxe3 Ra2+ 52. Kf1
Rb2 53. b5 Rf6 54. f4 Rf8 55. Re2 Rb1+ 56. Kf2 Rc1 57. Rb2 Kg7 58. b6 Kf6 59.
b7 Rb8 60. Re2 Rc3 61. Re6+ Kf5 62. Re5+ Kf6 63. Re6+ Kf5 64. Re3 Rc1 65. Ke2
Kf6 66. Kd3 Rd1+ 67. Kc3 Rb1 68. Kd4 Rd8 69. Kc5 Rc1 70. Kc6 Rc2 71. Kb6 Rd6+
72. Kc5 Rd8 73. Rb3 Rh8 1-0

[Event "XLI C.to Italiano a squadre Master"]
[Site "Senigallia ITA"]
[Date "2009.05.02"]
[Round "5"]
[White "Rusev, Krasimir"]
[Black "Zimina, Olga"]
[Result "1-0"]
[WhiteElo "2498"]
[BlackElo "2330"]
[PlyCount "41"]
[EventDate "2009.04.30"]

1. d4 d5 2. c4 e6 3. Nf3 c6 4. Qc2 Nf6 5. Bg5 h6 6. Bxf6 Qxf6 7. Nc3 Nd7 8. e4
dxe4 9. Qxe4 Bd6 10. Bd3 Qf4 11. Qe2 O-O 12. g3 Qg4 13. c5 e5 14. h3 Qe6 15.
cxd6 exd4 16. Qxe6 fxe6 17. Nxd4 Nc5 18. Bc2 e5 19. Nb3 Ne6 20. Ne4 a5 21. a4
1-0

[Event "XLI C.to Italiano a squadre Master"]
[Site "Senigallia ITA"]
[Date "2009.05.02"]
[Round "5"]
[White "Stromboli, Ettore"]
[Black "Efimov, Igor"]
[Result "1/2-1/2"]
[WhiteElo "2301"]
[BlackElo "2439"]
[PlyCount "105"]
[EventDate "2009.04.30"]

1. e4 c5 2. Nf3 d6 3. d4 cxd4 4. Nxd4 Nf6 5. Nc3 e6 6. Bg5 Be7 7. Qd2 a6 8.
O-O-O b5 9. Bd3 Bb7 10. Rhe1 Nbd7 11. f4 b4 12. Nce2 Nxe4 13. Bxe4 Bxe4 14. Ng3
Bd5 15. Bxe7 Kxe7 16. Nc6+ Bxc6 17. Qxd6+ Ke8 18. Nf5 Rg8 19. Qxc6 Ra7 20. Qd6
Qf6 21. g4 g5 22. Qxb4 a5 23. Qc4 gxf4 24. Qc8+ Qd8 25. Nd6+ Ke7 26. Nf5+ Kf6
27. Qc3+ Kg6 28. Qd4 Rc7 29. Nd6 Qf6 30. Qd3+ Kg7 31. g5 Qg6 32. Ne4 Rb8 33. c3
e5 34. h4 Qb6 35. Rd2 Qe6 36. Kb1 Nc5 37. Nxc5 Rxc5 38. h5 h6 39. Rg2 hxg5 40.
Rxg5+ Kf6 41. Reg1 Ke7 42. Re1 e4 43. Rxe4 Rxg5 44. Rxe6+ fxe6 45. Qd4 Rf8 46.
Qa7+ Kf6 47. Qd4+ e5 48. Qd6+ Kf7 49. Qd7+ Kg8 50. Qe6+ Rf7 51. Qe8+ Rf8 52.
Qe6+ Rf7 53. Qe8+ 1/2-1/2

[Event "XLI C.to Italiano a squadre Master"]
[Site "Senigallia ITA"]
[Date "2009.05.02"]
[Round "5"]
[White "Vezzosi, Paolo"]
[Black "Ronchetti, Niccolo'"]
[Result "1/2-1/2"]
[WhiteElo "2363"]
[BlackElo "2420"]
[PlyCount "68"]
[EventDate "2009.04.30"]

1. e4 c5 2. Nc3 g6 3. g3 Bg7 4. Bg2 Nc6 5. d3 d6 6. Nge2 e6 7. Be3 Nd4 8. O-O
Ne7 9. Qd2 O-O 10. Rae1 Rb8 11. Nd1 b5 12. c3 Nxe2+ 13. Rxe2 b4 14. Bh6 Qa5 15.
Bxg7 Kxg7 16. Ne3 Qxa2 17. Nc4 Qa6 18. e5 d5 19. Nd6 bxc3 20. Qxc3 Qb6 21. Rc1
Nc6 22. Qxc5 Nd4 23. Ree1 Ba6 24. Qa3 Qxb2 25. Qxb2 Rxb2 26. Rc7 Bxd3 27. Rxa7
Nc6 28. Raa1 Rd8 29. f4 Rdb8 30. Bf1 Nd4 31. Bxd3 Nf3+ 32. Kf1 Nxh2+ 33. Kg1
Nf3+ 34. Kf1 Nh2+ 1/2-1/2

[Event "XLI C.to Italiano a squadre Master"]
[Site "Senigallia ITA"]
[Date "2009.05.02"]
[Round "5"]
[White "Xia, Jie"]
[Black "Mautone, Valerio"]
[Result "1-0"]
[WhiteElo "2224"]
[BlackElo "2157"]
[PlyCount "49"]
[EventDate "2009.04.30"]

1. e4 c5 2. Nf3 d6 3. d4 cxd4 4. Nxd4 Nf6 5. Nc3 a6 6. Bg5 e6 7. f4 Qb6 8. Qd2
Qxb2 9. Rb1 Qa3 10. Be2 Nc6 11. Nxc6 bxc6 12. O-O Be7 13. Kh1 e5 14. f5 Qa5 15.
Bxf6 gxf6 16. Rb3 h5 17. Rfb1 Qc7 18. Na4 h4 19. Nb6 Rb8 20. Nd5 cxd5 21. Rxb8
h3 22. Bxa6 O-O 23. gxh3 Bxa6 24. Rg1+ Kh7 25. Qf2 1-0